000 00578nam a2200157 a 4500
001 000040244
005 20201002034015.0
008 130820s1974 sp a 000 0 spa d
020 _a842062084X
040 _aDO-SdBNP
_bspa
_cBNPHU
245 0 0 _aSemántica y sintaxis en la lingúística transformatoria :
_bcomienzos y centro de la polémica /
_ccompilación de Víctor Sánchez de Zavala.
260 _aMadrid :
_bAlianza Editorial,
_c1974.
300 _a532 p. ;
_c22 cm.
500 _aIncluye notas al pie de las páginas
700 1 _aSánchez de Zavala, Víctor
_ecomp.
_966512
999 _c39734
_d39734